000 00606nam a22002297a 4500
003 UA-OsUOA
001 98685
007 ta
008 20130416b un ||||| |||| 00| 0 ukr d
100 _aСветлов М.
090 _a821.161.1
_bС24
942 _cBK
040 _aUA-OsUOA
_brus
_cUA-OsUOA
_dUA-OsUOA
245 _aИзбранное
300 _a494 с.
955 _a3
041 _arus
080 _a821.161.1
260 _aМ.
_bХудожественная литература
_c1988
650 7 _a82 Література. Літературознавство
_2UDC
999 _c384523
_d384523